100 Artists by Song - Statistics

General Stats
  • This quiz has been taken 74 times
    72 since last reset
  • The average score is 45 of 100
Answer Stats
Song Artist % Correct
Bohemian Rhapsody Queen
97%
Take On Me a-ha
92%
Smells Like Teen Spirit Nirvana
92%
Hips Don't Lie Shakira
92%
...Baby One More Time Britney Spears
90%
Wrecking Ball Miley Cyrus
90%
Shape of You Ed Sheeran
89%
Bad Romance Lady Gaga
89%
Blinding Lights The Weeknd
85%
Yellow Coldplay
84%
I'm Still Standing Elton John
84%
Smooth Criminal Michael Jackson
80%
I Want It That Way The Backstreet Boys
80%
Thunderstruck AC/DC
77%
Rap God Eminem
77%
Diamonds Rihanna
75%
Espresso Sabrina Carpenter
74%
Halo Beyoncé
72%
The Fate of Ophelia Taylor Swift
72%
Havana Camila Cabello
70%
Empire State of Mind JAŸ-Z
70%
Enter Sandman Metallica
69%
bad guy Billie Eilish
67%
Love Yourself Justin Bieber
67%
Old Town Road Lil Nas X
67%
Iris The Goo Goo Dolls
67%
Finesse Bruno Mars
66%
Radioactive Imagine Dragons
66%
Easy On Me Adele
64%
Welcome to the Jungle Guns N' Roses
64%
Happy Pharrell Williams
64%
Bye Bye Bye NSYNC*
62%
Girl On Fire Alicia Keys
61%
Somebody That I Used To Know Gotye
61%
One Dance Drake
57%
All of Me John Legend
57%
Yeah! USHER
57%
It's My Life Bon Jovi
54%
Can't Help Falling in Love Elvis Presley
54%
Stressed Out TWENTY-ØNE PILØTS
54%
The Sound of Silence Simon and Garfunkel
52%
Mirrors Justin Timberlake
51%
Drop It Like It's Hot Snoop Dogg
51%
Stitches Shawn Mendes
49%
Dangerous Woman Ariana Grande
48%
Starman David Bowie
48%
Don't Start Now Dua Lipa
48%
Circles Post Malone
48%
Sweet but Psycho Ava Max
46%
Whistle Flo Rida
46%
Night Changes One Direction
46%
FE!N Travis Scott
44%
Hollaback Girl Gwen Stefani
43%
traitor Olivia Rodrigo
43%
Dynamite BTS
41%
Animals Maroon 5
41%
God Is Kanye West
39%
Hallelujah Leonard Cohen
39%
Elastic Heart Sia
39%
Ordinary Alex Warren
38%
Beautiful Things Benson Boone
36%
APT. ROSÉ
36%
Fireflies Owl City
34%
Faded Alan Walker
33%
You're Beautiful James Blunt
33%
Without Me Halsey
30%
Golden HUNTR/X
30%
Someone You Loved Lewis Capaldi
30%
Scars To Your Beautiful Alessia Cara
28%
Thick Of It KSI
28%
back to friends sombr
28%
How You Like That? BLACKPINK
26%
Light Switch Charlie Puth
26%
2002 Anne-Marie
25%
The Rainbow Connection Jim Henson / Kermit the Frog
25%
Grace Kelly MIKA
25%
golden hour JVKE
23%
Alexander Hamilton Lin-Manuel Miranda
23%
Lose Control Teddy Swims
23%
un x100to Bad Bunny
15%
#SELFIE The Chainsmokers
15%
Let Me Down Slowly Alec Benjamin
13%
Cocoa Butter Kisses Chance the Rapper
13%
Say Amen (Saturday Night) Panic! at the Disco
10%
Soda Pop Saja Boys
10%
Arcade Duncan Laurence
8%
Our Lawyer Made Us Change The Name Of This Song So We Wouldn't Get Sued Fall Out Boy
8%
Feeling Good Michael Bublé
8%
Whiskey On You Nate Smith
8%
Helena My Chemical Romance
7%
Ol' Red Blake Shelton
5%
Technologic Daft Punk
5%
The Search NF
3%
Coffee in Bed Pentatonix
3%
Dark Between the Stars Anna Lea
2%
From the Ground Up Dan + Shay
2%
Sagittarius TROY
2%
Just a Man Jorge Rivera-Herrans
0%
WONDERLAND Neoni
0%
Consider Me Gone Reba McEntire
0%
No matching quizzes found
Score Distribution
Percent of People with Each Score
Percentile by Number Answered
Your Score History
You have not taken this quiz since the last reset